00385nam a2200109Ia 4500008004100000020001500041050002500056100002000081245011200101260003800213300002400251150223s9999 xx 000 0 und d a1904271057 aPR 2814b.H927. 1960 aHumphreys, A.R. 4aThe first part of King Henry IV :bthe arden edition of the works of William Shakespeare /cA.R. Humphreys. aCroatia :bThomson Learningc1960 a203 pages :c20 cm.